<?xml version="1.0" encoding="UTF-8"?><?xml-stylesheet type="text/xsl" href="static/style.xsl"?><OAI-PMH xmlns="http://www.openarchives.org/OAI/2.0/" xmlns:xsi="http://www.w3.org/2001/XMLSchema-instance" xsi:schemaLocation="http://www.openarchives.org/OAI/2.0/ http://www.openarchives.org/OAI/2.0/OAI-PMH.xsd"><responseDate>2026-06-05T20:27:18Z</responseDate><request verb="GetRecord" identifier="oai:riuma.uma.es:10630/40420" metadataPrefix="marc">https://riuma.uma.es/rest/oai/request</request><GetRecord><record><header><identifier>oai:riuma.uma.es:10630/40420</identifier><datestamp>2026-02-03T11:26:59Z</datestamp><setSpec>com_10630_2254</setSpec><setSpec>col_10630_37953</setSpec></header><metadata><record xmlns="http://www.loc.gov/MARC21/slim" xmlns:dcterms="http://purl.org/dc/terms/" xmlns:doc="http://www.lyncode.com/xoai" xmlns:xsi="http://www.w3.org/2001/XMLSchema-instance" xsi:schemaLocation="http://www.loc.gov/MARC21/slim http://www.loc.gov/standards/marcxml/schema/MARC21slim.xsd">
   <leader>00925njm 22002777a 4500</leader>
   <datafield ind2=" " ind1=" " tag="042">
      <subfield code="a">dc</subfield>
   </datafield>
   <datafield ind2=" " ind1=" " tag="720">
      <subfield code="a">Atencia-McKillop, Iván</subfield>
      <subfield code="e">author</subfield>
   </datafield>
   <datafield ind2=" " ind1=" " tag="720">
      <subfield code="a">Galán-García, José Luis</subfield>
      <subfield code="e">author</subfield>
   </datafield>
   <datafield ind2=" " ind1=" " tag="720">
      <subfield code="a">Galán-García, María Ángeles</subfield>
      <subfield code="e">author</subfield>
   </datafield>
   <datafield ind2=" " ind1=" " tag="720">
      <subfield code="a">Padilla-Domínguez, Yolanda Carmen</subfield>
      <subfield code="e">author</subfield>
   </datafield>
   <datafield ind2=" " ind1=" " tag="720">
      <subfield code="a">Rodríguez-Cielos, Pedro</subfield>
      <subfield code="e">author</subfield>
   </datafield>
   <datafield ind2=" " ind1=" " tag="720">
      <subfield code="a">Rodríguez-Padilla, Pablo</subfield>
      <subfield code="e">author</subfield>
   </datafield>
   <datafield ind2=" " ind1=" " tag="260">
      <subfield code="c">2025</subfield>
   </datafield>
   <datafield ind2=" " ind1=" " tag="520">
      <subfield code="a">This paper analyzes a discrete-time single-server retrial queue with preemptive service, Bernoulli arrivals, and adaptive retrial times, tailored to telecommunications systems. In call centers, the model captures caller retries and priority interruptions, while in cellular networks, it represents user channel access attempts with preemption for emergency calls. Using a Markov chain framework, we derive the stationary distribution, establish a stability condition, and compute performance metrics, including the mean number of retrying callers or users and orbit size probabilities. The model incorporates a novel retrial time adaptation probability, reflecting dynamic retry behaviors in telecommunications. Numerical results demonstrate the impact of arrival rates, preemption probabilities, and retrial adaptations on system performance, offering insights for optimizing call center staffing and cellular network protocols. Applications to slotted ALOHA and TDMA systems highlight the model’s practical relevance.</subfield>
   </datafield>
   <datafield ind1="8" ind2=" " tag="024">
      <subfield code="a">Atencia-Mckillop, I., Galán-García, J. L., Galán-García, M. Á., Padilla-Domínguez, Y., Rodríguez-Cielos, P., &amp; Rodríguez-Padilla, P. (2025). A Discrete-Time Single-Server Retrial Queue with Preemption and Adaptive Retrial Times: Theoretical Analysis and Telecommunication Insights. Mathematics, 13(21), 3361. https://doi.org/10.3390/math13213361</subfield>
   </datafield>
   <datafield ind1="8" ind2=" " tag="024">
      <subfield code="a">https://hdl.handle.net/10630/40420</subfield>
   </datafield>
   <datafield ind1="8" ind2=" " tag="024">
      <subfield code="a">10.3390/math13213361</subfield>
   </datafield>
   <datafield tag="653" ind2=" " ind1=" ">
      <subfield code="a">Markov, Procesos de</subfield>
   </datafield>
   <datafield tag="653" ind2=" " ind1=" ">
      <subfield code="a">Telecomunicaciones</subfield>
   </datafield>
   <datafield tag="653" ind2=" " ind1=" ">
      <subfield code="a">Centros de llamadas</subfield>
   </datafield>
   <datafield tag="653" ind2=" " ind1=" ">
      <subfield code="a">Centros de llamadas - Distribución</subfield>
   </datafield>
   <datafield ind2="0" ind1="0" tag="245">
      <subfield code="a">A Discrete-Time Single-Server Retrial Queue with Preemption and Adaptive Retrial Times: Theoretical Analysis and Telecommunication Insights</subfield>
   </datafield>
</record>
</metadata></record></GetRecord></OAI-PMH>